| 000 | 00873nam a22002177a 4500 | ||
|---|---|---|---|
| 999 |
_c14239 _d14239 |
||
| 003 | AR-CdUCM | ||
| 008 | 190422b ||||| |||| 00| 0 spa d | ||
| 040 |
_aMUNICIPALIDAD PROVINCIAL DEL CUSCO _cBIBLIOTECA MUNICIPAL DEL CUSCO |
||
| 082 |
_aC / 985.61 / _bG91 |
||
| 100 |
_aGuillen Marroquin, Jesus _96476 |
||
| 245 | _aDesarrollo regional y dinámica nacional Cusco 1950 - 1982 / | ||
| 260 |
_aCusco : _bCBC, _c1983. |
||
| 300 |
_a51 páginas ; _c21 cm. |
||
| 440 |
_aCuadernos para el debate regional _n11 _932934 |
||
| 505 | _aDesarrollo regional y la dinámica nacional -- El problema de las lanas -- Crecimiento de la producción cafetera --El modelo de sustitución de importaciones: antecedentes... | ||
| 650 |
_aDesarrollo. _92021 |
||
| 650 |
_aEvolución económica del Cusco. _932935 |
||
| 650 |
_a1950. _932745 |
||
| 942 |
_2ddc _cPP |
||
| 945 |
_awfj _d2019-04-22 |
||